Weekend Update Anchors Quiz Stats

 Plays Quiz Updated Mar 22, 2019

Score 0/22 Timer 06:00
0 Plays Today
Times at Desk Actor % Correct
117Tina Fey
92.3%
71Amy Poehler
72.4%
80Jimmy Fallon
71.6%
31Chevy Chase
67.5%
154Seth Meyers
63.5%
CurrentMichael Che
62.1%
69Norm MacDonald
55.5%
CurrentColin Jost
53.6%
50Colin Quinn
43.8%
111Dennis Miller
43.3%
60Kevin Nealon
41%
Times at Desk Actor % Correct
21Cecily Strong
40.9%
78Jane Curtin
34.6%
40Bill Murray
29.4%
20Dan Aykroyd
26.3%
12Charles Rocket
10.1%
30Brad Hall
8.2%
11Christopher Guest
5.2%
20Brian Doyle-Murray
5.1%
6Mary Gross
4.2%
6Christine Ebersole
2.8%
6Gail Matthius
2.4%

You're not logged in!

Compare scores with friends on all Sporcle quizzes.
OR
Log In

Sporcle TV

Today on Sporcle TV


Watch our educational content, quiz creation guides, and fun videos on Sporcle TV.

Show Comments

Extras

Top Quizzes Today


Score Distribution

Your Account Isn't Verified!

In order to create a playlist on Sporcle, you need to verify the email address you used during registration. Go to your Sporcle Settings to finish the process.

Report this User

Report this user for behavior that violates our Community Guidelines.

Details: